| LEADER | 01065nam a2200229 a 4500 | ||
|---|---|---|---|
| 001 | GR-MES13102 | ||
| 008 | 070913s gr 000 0 gre d | ||
| 020 | |a 960286415X | ||
| 040 | |a GrPaTEI |b gre |c GR-PaULI | ||
| 040 | |a GrPaTEI |b gre |c GR-PaULI | ||
| 082 | 0 | |a 658.8 |2 21 | |
| 100 | 1 | |a Κωνσταντινίδης, Μιχάλης Παντιά | |
| 245 | 1 | 0 | |a Μείγμα Μάρκετινγκ : |b Ανάλυση παραμέτρων / |c Μιχάλης Παντιά Κωνσταντινίδης ; Επιμέλεια: Ξένη Παπουτσή. |
| 260 | |a Αθήνα : |b Έλλην, |c c1999 | ||
| 300 | |a 176σ. ; |c 21εκ. | ||
| 504 | |a Περιλαμβάνει βιβλιογραφάι. | ||
| 650 | 4 | |a ΜΑΡΚΕΤΙΓΚ | |
| 700 | 1 | |a Παπουτσή, Ξένη | |
| 942 | |2 ddc | ||
| 952 | |0 0 |1 0 |2 ddc |4 0 |6 658_800000000000000_ΚΩΝ |7 0 |9 271603 |a MSLG |b MSLG |c BSC |d 2021-01-17 |e 24 |f 0 |g 0.00 |l 0 |o 658.8 ΚΩΝ |p 24200000232432 |r 2021-01-17 00:00:00 |t 1 |w 2021-01-17 |y BK15 |x 20070913 0 ΤΣΑΝΤΑΡΛΙΩΤΗ 1 |x GrPaTEI | ||
| 971 | |a .b25791497 |b 16-04-20 |c 13-09-16 | ||
| 999 | |c 156929 |d 156929 | ||